Solvay products /

Guardado en:
Autor Corporativo: Solvay Sales Division
Formato: Libro
Idioma:English
Publicado: New York : Solvay Sales Division, s.f.
Etiquetas: Agregar Etiqueta
Sin Etiquetas, Sea el primero en etiquetar este registro!
LEADER 00459nam a22001455a 4500
001 EUN.um036635
003 AR-BaUNS
005 20050623122909.0
008 041125ss.f.####xxua##########000#0#eng#d
245 1 0 |a Solvay products /  |c Solvay Sales Division. 
260 |a New York :  |b Solvay Sales Division,  |c s.f. 
300 |a 34 p. :  |b ilus. ;  |c 22,5 cm. 
082 0 4 |a 661.2 
110 2 |a Solvay Sales Division  |c New York. 
859 |a Ar-BaUNS  |b BIB. CENTRAL - Sector C  |h 661.2  |i So48-1  |p 94455/987